[Event "Summer Chess Classic-A 2019"]
[Site "Saint Louis"]
[Date "2019.06.21"]
[Round "4.1"]
[White "Swiercz, Dariusz"]
[Black "Xiong, Jeffery"]
[Result "1/2-1/2"]
[WhiteElo "2667"]
[BlackElo "2684"]
[Annotator "TA"]
[PlyCount "71"]
[EventDate "2019.06.18"]
[EventType "tourn"]
[EventCountry "USA"]
[SourceTitle "playchess.com"]
[Source "ChessBase"]
[SourceQuality "1"]

{[%evp 12,71,44,45,39,37,41,27,44,32,46,20,48,22,43,32,48,43,77,65,76,66,62,73,70,73,65,77,121,98,98,53,41,15,61,64,54,55,137,62,55,49,43,45,53,60,42,55,41,49,179,150,153,175,168,74,59,28,34,9,7,6]} 1. e4 g6 2. d4 Bg7 3. Nf3 d6 4. c4 e5 5. dxe5 dxe5 6. Qxd8+ Kxd8 7. Nc3 f6 {A41: 1 d4 d6: Tartakower System and Modern Defence} 8. b4 Be6 (8... Nc6 9. Ba3 Be6 10. b5 Nd4 11. Nxd4 exd4 12. Rd1 Kc8 13. Nd5 Nh6 14. Rxd4 Re8 15. Be2 {1-0 (54) Swiercz,D (2636)-Jones,G (2647) Atlantic City 2016}) 9. Be2 Nd7 {White has an edge.} 10. O-O Nh6 $146 ({Predecessor:} 10... c6 11. a4 Nh6 12. a5 Kc7 13. b5 Nf7 14. Be3 a6 15. Rfb1 {½-½ (36) Zielinski,M (2029)-Ott,P (2008) ICCF email 2006}) 11. Rb1 Nf7 12. Rd1 c6 13. Nd2 Re8 14. Nb3 $36 {[%mdl 2048] White is pushing.} Kc8 15. b5 c5 16. a4 {[%cal Ba2a4,Ba4a5][%mdl 32]} Bf8 17. Be3 b6 18. a5 Nd6 19. Nd2 Rd8 20. Ra1 Kb7 21. Ra4 a6 $1 22. Rda1 bxa5 23. bxa6+ Rxa6 24. Nb3 Rb6 (24... Rda8 $14) 25. Nxc5+ ({Better is} 25. Nxa5+ $16 Kc7 26. Nb5+ Kc8 27. Nc3) 25... Nxc5 $14 26. Bxc5 Rb3 27. Nd5 Nxe4 28. Bxf8 Rxf8 29. Rxa5 {[#] And now Ra7+ would win.} Bxd5 $1 30. cxd5 {Hoping for Ra7+.} Nc3 (30... Rb2 $14) 31. Bf1 Kb6 {[#]} 32. Ra7 $1 Kc5 33. Rc7+ ({But not} 33. Rxh7 $6 Kxd5 34. f3 Rc8 $14) (33. R1a5+ $18 Kd4 34. Rc7) 33... Kd6 $16 34. Rxh7 {White wants to play Ra6+.} Nxd5 35. Bc4 Rb4 36. Bxd5 {Accuracy: White = 56%, Black = 49%.} 1/2-1/2

[Event "Summer Chess Classic-A 2019"]
[Site "Saint Louis"]
[Date "2019.06.21"]
[Round "4.2"]
[White "Le, Quang Liem"]
[Black "Shankland, Sam"]
[Result "1/2-1/2"]
[WhiteElo "2694"]
[BlackElo "2717"]
[Annotator "TA"]
[PlyCount "60"]
[EventDate "2019.06.18"]
[EventType "tourn"]
[EventCountry "USA"]
[SourceTitle "playchess.com"]
[Source "ChessBase"]
[SourceQuality "1"]

{[%evp 13,60,17,19,12,26,20,23,17,19,17,25,22,19,9,13,16,9,7,21,10,9,10,34,31,32,22,26,26,38,14,44,42,35,40,42,0,0,0,0,0,0,0,0,0,12,0,0,0,11]} 1. e4 e5 2. Nf3 Nc6 3. Bc4 Nf6 4. d3 Bc5 5. O-O O-O ({Predecessor:} 5... d6 6. c3 O-O 7. Nbd2 a6 8. a4 Ba7 9. h3 h6 10. Re1 Re8 11. b4 Be6 12. Bxe6 {½-½ (34) Kuhne,D (2391)-Debnar,I (2136) ICCF email 2017}) 6. h3 d6 7. c3 a6 8. a4 {C54: Giuoco Piano: 4 c3 Nf6, main lines with 5 d4 and 5 d3} Ba7 9. Re1 Re8 10. Nbd2 {White has an edge.} Be6 11. Bxe6 Rxe6 12. b4 h6 13. Qc2 Qd7 $146 (13... Ne7 14. Nf1 Qd7 15. Ng3 {1-0 (56) Wang,H (2726)-Malakhov,V (2667) China 2019}) 14. Rb1 b5 15. Ra1 Rd8 16. Nb3 Bb6 17. Bd2 d5 18. a5 Ba7 $1 19. Be3 Bxe3 20. Rxe3 {White wants to play Nc5.} Rd6 21. Kh2 Qc8 22. Rae1 dxe4 23. dxe4 Nd7 24. Qc1 Nf8 {The position is equal.} 25. Nh4 g6 26. Rg3 Kh7 $1 27. Rf3 Kg7 28. Rg3 Kh7 $1 29. Rf3 Kg7 30. Rg3 {[#] aiming for Nf5+.} Kh7 $1 {Accuracy: White = 72%, Black = 70%.} 1/2-1/2

[Event "Summer Chess Classic-A 2019"]
[Site "Saint Louis"]
[Date "2019.06.21"]
[Round "4.3"]
[White "Howell, David W L"]
[Black "Jones, Gawain C B"]
[Result "1/2-1/2"]
[WhiteElo "2692"]
[BlackElo "2709"]
[Annotator "TA"]
[PlyCount "157"]
[EventDate "2019.06.18"]
[EventType "tourn"]
[EventCountry "USA"]
[SourceTitle "playchess.com"]
[Source "ChessBase"]
[SourceQuality "1"]

{[%evp 23,157,8,8,0,0,0,0,0,12,16,19,17,22,24,23,19,94,93,92,86,121,116,129,115,130,132,124,121,121,114,175,122,121,125,117,108,135,123,164,165,164,164,158,146,314,218,864,748,514,0,270,261,228,56,10,10,10,10,16,17,29,0,0,0,0,0,0,0,0,0,17,18,19,0,0,0,0,0,0,0,0,0,0,0,0,0,0,0,0,0,0,0,0,0,0,0,0,0,0,0,0,0,0,0,0,0,0,0,0,0,0,0,0,0,0,0,0,0,0,0,0,0,0,0,0,0,0,0,0,0,0,0,0,0,0,0]} 1. d4 Nf6 2. c4 g6 3. Nc3 d5 4. cxd5 Nxd5 5. Nf3 Bg7 6. g3 Nxc3 7. bxc3 c5 8. Bg2 Nc6 9. O-O cxd4 10. cxd4 O-O 11. Rb1 Nxd4 12. Nxd4 Qxd4 13. Qxd4 {D75: Fianchetto Grünfeld: Main Line with 7...c5} Bxd4 14. Bh6 Rd8 15. Bxb7 {[#]} Bxb7 $146 ({Predecessor:} 15... Rb8 16. Bxc8 Rbxc8 17. Rb7 Bc5 18. Rc1 f6 19. Be3 Bxe3 20. Rxc8 Rxc8 21. fxe3 {½-½ (29) Beliavsky,A (2622)-Radjabov,T (2739) Reykjavik 2015}) 16. Rxb7 Bc5 17. Rc1 Rac8 18. Bf4 Re8 19. a4 a5 (19... a6 $11) 20. Bd2 $16 f6 21. Rcb1 Red8 22. Bxa5 Rd4 23. Bb4 Kf7 24. a5 Bxb4 25. R1xb4 Rxb4 26. Rxb4 {[%mdl 4096] Endgame KR-KR} Rc1+ 27. Kg2 Ra1 28. Rb5 Ra2 29. Kf3 g5 30. Ke3 Kg6 31. f4 gxf4+ 32. gxf4 Ra4 33. h4 h5 $2 (33... Kf7 $16 34. Kf3 h6) 34. Kf3 Ra3+ $2 (34... f5 35. Rb6+ Kg7) 35. Ke4 $18 Ra4+ 36. Kf3 Ra3+ $1 37. e3 Ra4 38. f5+ $2 (38. Rc5 $18) 38... Kf7 $14 39. e4 {Ke3 is the strong threat.} Ra3+ $1 40. Ke2 Ke8 $1 41. Rd5 {next Kd2 is good for White.} Rh3 $1 42. Rd4 (42. Kd2 $5 {[%cal Rd2c2]}) 42... Ra3 $1 {The position is equal.} 43. Rd5 Rh3 $1 44. e5 fxe5 45. Rxe5 {Hoping for f6.} Kf7 46. a6 Ra3 47. Re6 Ra5 $1 48. Kd3 {[#] aiming for Kc4.} Rxf5 49. Rb6 Ra5 50. Kc4 e5 51. Kb4 (51. Rb7+ {keeps more tension.} Ke6 52. Rh7 e4 53. a7 Kf6 54. Kc3) 51... Ra1 52. Kc5 e4 53. Kd4 Ra4+ 54. Ke3 Kg7 55. Rc6 Kh7 56. Rd6 Kg7 57. Rb6 Kh7 58. Re6 Kg7 59. Rd6 Kh7 60. Kf4 e3+ 61. Kxe3 Rxh4 62. Rd4 Rh3+ 63. Kf4 {[#] Black must now prevent Kg5.} Ra3 64. Rd6 Ra5 65. Rd7+ Kg6 66. Rd6+ Kg7 67. Rd7+ Kg6 68. Ra7 Ra4+ 69. Kf3 Ra3+ 70. Kg2 h4 71. Ra8 Kg7 72. Kh2 Kh7 73. Kg2 Kg7 74. a7 h3+ 75. Kh2 Kh7 $1 76. Kg1 Ra1+ 77. Kh2 Ra3 $1 78. Re8 Rxa7 79. Kxh3 {Accuracy: White = 69%, Black = 73%.} 1/2-1/2

[Event "Summer Chess Classic-A 2019"]
[Site "Saint Louis"]
[Date "2019.06.22"]
[Round "5.1"]
[White "Xiong, Jeffery"]
[Black "Howell, David W L"]
[Result "1/2-1/2"]
[WhiteElo "2684"]
[BlackElo "2692"]
[Annotator "TA"]
[PlyCount "69"]
[EventDate "2019.06.18"]
[EventType "tourn"]
[EventCountry "USA"]
[SourceTitle "playchess.com"]
[Source "ChessBase"]
[SourceQuality "1"]

{[%evp 9,69,21,12,8,15,12,18,12,21,23,27,25,17,-29,-28,-20,-15,-35,-33,-48,0,0,0,0,10,10,10,8,10,6,12,16,6,14,33,32,33,29,38,40,37,33,40,37,35,51,50,25,30,7,20,10,26,0,30,0,0,0,0,0,0,0]} 1. e4 e5 2. Nf3 Nf6 3. Nxe5 d6 4. Nd3 (4. Nf3 Nxe4 5. Nc3 Nxc3 6. dxc3 Be7 7. Be3 Nc6 8. Bd3 O-O 9. Qe2 Be6 10. O-O-O Qd7 11. h4 Bf5 12. Rdg1 Rfe8 13. Bxf5 Qxf5 14. g4 Qe6 15. Kb1 {½-½ (69) Yu,Y (2784)-Bu,X (2722) Hengshui 2019}) 4... Nxe4 5. Qe2 Qe7 6. Nf4 {[#] Black must now prevent Nd5. C42: Petroff Defence: 3 Nxe5 and unusual White 3rd moves} c6 7. f3 Nf6 8. d4 Qxe2+ 9. Bxe2 d5 10. g4 $146 ({Predecessor:} 10. Bd3 Bd6 11. Ne2 Nbd7 {½-½ (60) Souleidis,G (2423)-Sharashenidze,A (2353) Prague 2019}) 10... Bd6 11. Nc3 h5 {[%cal Rh5g4]} 12. g5 Ng8 13. O-O Ne7 14. Re1 Bf5 15. Bd3 {[#] Bxf5 is the strong threat.} Bxd3 16. Nxd3 Nd7 17. Bf4 Bxf4 18. Nxf4 {Hoping for Ncxd5!} Kf8 19. Nce2 Nf5 20. c3 g6 21. Ng3 Nxg3 (21... Nd6 {keeps more tension.} 22. Re2 h4 23. Nf1 h3 24. Kf2 Rh4) 22. hxg3 Re8 23. a4 {[%cal Ba2a4,Ba4a5][%mdl 32]} Re7 24. a5 Ke8 25. Nd3 Kd8 26. Kf2 Rxe1 27. Rxe1 $14 {[%mdl 4096] Endgame KRN-KRN} Re8 28. Rb1 Kc7 29. b4 Kd6 30. Rh1 Re7 31. Rh4 Re8 32. Rf4 Ke7 {The position is equal.} 33. Nc5 Nxc5 34. dxc5 a6 35. Rf6 {Accuracy: White = 46%, Black = 62%.} 1/2-1/2

[Event "Summer Chess Classic-A 2019"]
[Site "Saint Louis"]
[Date "2019.06.22"]
[Round "5.2"]
[White "Jones, Gawain C B"]
[Black "Le, Quang Liem"]
[Result "1/2-1/2"]
[WhiteElo "2709"]
[BlackElo "2694"]
[Annotator "TA"]
[PlyCount "161"]
[EventDate "2019.06.18"]
[EventType "tourn"]
[EventCountry "USA"]
[SourceTitle "playchess.com"]
[Source "ChessBase"]
[SourceQuality "1"]

{[%evp 15,161,7,6,2,0,15,9,11,16,0,24,27,72,68,77,60,51,37,25,30,33,24,44,0,0,-2,0,0,27,39,65,58,62,60,51,58,56,54,38,47,41,45,44,47,44,33,35,49,66,70,70,70,76,4,3,6,33,0,0,0,0,0,10,0,0,0,0,0,34,34,34,34,34,33,45,22,22,22,22,22,22,22,22,22,36,22,22,22,36,22,22,22,22,22,22,22,22,22,22,22,22,22,22,22,22,22,22,0,22,22,22,13,13,13,13,13,13,13,13,13,13,13,13,13,13,13,13,13,13,13,13,8,8,8,8,8,8,8,8,8,8,8,8,8,8,0,0,0]} 1. e4 c5 2. Nf3 Nc6 3. Bb5 g6 4. O-O Bg7 5. c3 Nf6 6. Re1 O-O 7. d4 d5 8. e5 Ne4 9. Be3 {B31: Sicilian: 2...Nc6 3 Bb5 g6} (9. dxc5 Bg4 10. Bf4 f6 11. e6 Nxc5 12. h3 Bxe6 13. Nd4 Nxd4 14. cxd4 Ne4 15. f3 Nd6 16. Rxe6 Nxb5 {0-1 (41) Svidler,P (2753)-Gelfand,B (2703) Jerusalem 2018}) 9... cxd4 10. cxd4 Qb6 11. Bxc6 bxc6 12. Qc1 f6 $146 ({Predecessor:} 12... a5 13. h3 Bf5 14. Nc3 Nxc3 15. Qxc3 Rfb8 16. Re2 Qb5 17. Rd2 Qc4 18. Qxc4 dxc4 {½-½ (37) Schulz,G (2162)-Priepke,W (2228) GER email 2013}) 13. Nc3 Be6 14. exf6 Bxf6 15. Ne5 Rac8 16. Nxe4 dxe4 17. Qc3 a5 18. Rac1 {[%cal Re5c6]} Rfd8 19. Qc5 Qxb2 20. Nxc6 Rd6 21. d5 $1 Kg7 22. Qa7 $1 ({Worse is} 22. dxe6 Rdxc6 23. Qxc6 Rxc6 $17) 22... Rd7 23. Qa6 Rxd5 24. Rb1 $1 {[%cal Rb1b2]} Qa3 25. Na7 $1 {[%csl LRc8,LRe6][%mdl 64] [#] Discovered Attack} Rd6 26. Qb7 $1 Rcd8 27. Nb5 {[%mdl 64] Double Attack} Qxa2 28. Nxd6 Rxd6 29. Bc5 Rd7 30. Qxe4 Bf5 31. Qc6 Qd5 32. Qxd5 Rxd5 33. Rbc1 Kf7 34. Re2 (34. Red1 $16 Rd3 35. Rxd3 Bxd3 36. Rd1) 34... a4 $11 35. h3 h5 36. Ra2 Bd7 37. Bb4 Rd3 38. Bc5 Bb5 39. Bb4 Rb3 40. Ba3 Bd3 41. Bc5 Bb2 42. Re1 a3 43. Rxe7+ Kf6 {[#] And now ...Bb1 would win.} 44. Re3 Kf7 45. Bxa3 Bxa3 46. Rd2 $1 {[%cal Rd2d3]} Rb1+ $1 47. Kh2 Bc1 {...Bf5 is the strong threat.} 48. Rdxd3 {Strongly threatening Rd7+.} Bxe3 49. Rxe3 {[%mdl 4096] Endgame KR-KR} Rb4 50. Kg3 g5 51. Kf3 Kf6 52. Ra3 h4 {The position is equal.} 53. Ra6+ Kf5 54. Ra5+ Kf6 55. Rd5 Ra4 56. Ke3 Ra2 57. Rd2 Ra4 58. Rd4 Ra2 59. Kf3 Kf5 60. Rd5+ Kf6 61. Rb5 Kg6 62. Rb4 Kf5 63. g4+ (63. Rb3 {with more complications.} Ra6 64. Rb5+ Kg6 65. Re5 Rf6+ 66. Ke3) 63... hxg3 64. Kxg3 Ra5 65. Rc4 Rb5 66. Ra4 Rc5 67. Ra8 Rc4 68. Rf8+ Kg6 69. f3 Ra4 70. Re8 Kf5 71. Re4 Ra5 72. Rb4 Rc5 73. h4 gxh4+ 74. Rxh4 {Intending Rh5+ and mate.} Rc1 75. Rh5+ Kf6 76. Kg4 Ra1 77. Rh6+ Kf7 78. f4 Ra5 79. Rb6 Rc5 80. f5 Rc1 81. Rb7+ {Accuracy: White = 57%, Black = 75%.} 1/2-1/2

[Event "Summer Chess Classic-A 2019"]
[Site "Saint Louis"]
[Date "2019.06.22"]
[Round "5.3"]
[White "Shankland, Sam"]
[Black "Swiercz, Dariusz"]
[Result "1-0"]
[WhiteElo "2717"]
[BlackElo "2667"]
[Annotator "TA"]
[PlyCount "199"]
[EventDate "2019.06.18"]
[EventType "tourn"]
[EventCountry "USA"]
[SourceTitle "playchess.com"]
[Source "ChessBase"]
[SourceQuality "1"]

{[%evp 17,199,14,14,14,14,14,14,12,16,12,12,13,15,10,0,0,0,0,0,0,0,0,37,26,27,25,32,28,23,35,47,31,120,81,96,89,158,168,233,239,228,241,228,218,227,187,233,225,225,229,218,218,217,210,214,212,202,110,103,103,103,103,103,103,104,104,104,0,115,100,99,100,99,100,99,99,105,105,98,106,100,106,106,106,108,107,108,106,107,91,98,98,103,103,104,91,98,98,98,105,105,97,131,130,163,157,306,306,306,306,306,282,299,291,331,320,341,325,339,347,373,176,170,172,162,114,114,108,105,105,123,110,126,101,194,194,494,483,497,416,432,366,29962,29964,29962,29958,29974,29975,29975,29976,29976,29977,29978,29979,29980,29978,29980,29981,29982,29983,29983,29984,29985,29985,29986,29986,29986,29987,29988,29989,29989,29990,29990,29989,29989,29987,29987,29988,29987,29988,29988,29989,29992,29993]} 1. c4 Nf6 2. Nf3 e6 3. g3 d5 4. Bg2 Nbd7 5. d4 Bb4+ 6. Nbd2 O-O 7. O-O b6 8. cxd5 exd5 9. Ne5 Bb7 10. Qa4 {E16: Queen's Indian: 4 g3 Bb7 5 Bg2 Bb4+} a5 11. Nc6 $146 ({Predecessor:} 11. Ndf3 Qe8 12. Qc2 Bd6 13. Bf4 h6 14. Rac1 Nh5 15. Nxd7 Qxd7 16. Bxd6 cxd6 17. Nh4 Nf6 {1-0 (40) Gupta,A (2619)-Ahmed,S (2305) Kolkata 2018}) 11... Qe8 {Hoping for ...Nb8.} 12. Nxb4 {The position is equal.} axb4 13. Qxb4 Qxe2 14. Nf3 Qc4 15. Bd2 Ra4 16. Qb3 Qxb3 17. axb3 Rxa1 18. Rxa1 Ra8 19. Rc1 c6 20. Bh3 h6 21. Bb4 Re8 22. Ra1 c5 23. Bc3 Bc6 24. b4 Ne4 (24... c4 $14) 25. Ra7 cxb4 26. Bxb4 ({Inferior is} 26. Bxd7 bxc3 27. bxc3 (27. Bxe8 $2 cxb2 28. Bxf7+ Kh7 $19) 27... Ra8 $17) 26... Ndf6 (26... Nef6 $142) 27. Ne5 $36 {[%mdl 2048] White has strong initiative.} Bb5 (27... Ng5 $142) 28. Nxf7 $18 Ng5 29. Nxg5 hxg5 30. Bf5 g4 31. Rc7 Ra8 32. Rc8+ Rxc8 33. Be6+ $1 ({Resist} 33. Bxc8 $6 Kf7 $16) 33... Kh7 {( -> ...Rc1+)} 34. Bxc8 {[%mdl 4096] Endgame KBB-KBN} Be2 35. Bd6 Ne4 36. Bf4 $1 g5 37. Be3 (37. Bc7 $18) 37... Kg6 $16 38. Be6 Nf6 39. Bd2 Bd3 40. Bc8 Be2 41. Bb7 Kf5 42. Bc8+ Kg6 43. Bb4 Kf7 44. Bd6 Ne4 45. Bc7 $1 b5 46. Ba5 Nd6 47. Bd7 Ke7 48. Bc6 Ke6 49. Bb4 Ne4 50. Bb7 Nf6 51. Bc8+ Kf7 52. Kg2 Ne4 53. Ba6 Ke6 54. Bb7 Nf6 55. Bc8+ Kf7 56. Be1 Ke7 57. Bf5 Kf7 58. Bd2 Ne4 59. Be3 Bf3+ 60. Kf1 Ke7 61. Ke1 Kd6 (61... Kf6 $16 62. Bd7 Nd6) 62. Bd2 $18 Kc6 63. Bb4 Kc7 64. Be6 Kc6 65. Be7 b4 66. b3 ({Don't take} 66. Bxb4 Kb5 $18) 66... Nd6 67. Bxg5 Nb5 68. Bf6 Nc3 69. Be7 (69. h4 $142) 69... Ne2 70. h3 gxh3 71. Bxh3 {Threatens to win with Kd2.} Nxd4 72. Kd2 {Strongly threatening Ke3.} Nxb3+ 73. Ke3 Bh5 74. Bxb4 {f4 is the strong threat.} d4+ {[#]} 75. Kf4 $1 Kb5 {[#]} (75... Kd5 $16) 76. Be1 $1 Nc5 $2 (76... Bg6 77. Bd7+ Kc5) 77. Bf1+ Kc6 78. Bb4 Bg6 79. g4 Nd3+ $2 (79... Bc2 $18 80. Ke5 Nb3) 80. Bxd3 {White mates.} Bxd3 {KB-KB} 81. Ke5 Kd7 82. f4 Ke8 83. f5 Kf7 84. Kxd4 Be2 85. g5 Bb5 86. Ke5 Be8 87. Bc3 Bb5 88. Kf4 Kg8 89. g6 Bd3 90. Kg5 Bc4 91. f6 Kf8 92. Bb4+ Kg8 93. Kf4 Bb3 94. Ke5 Bc4 95. Be7 Bb3 96. Kd6 Bc4 97. Kc7 Bb3 98. Kd8 Bc4 99. Ba3 Bb3 100. Ke7 {Accuracy: White = 78%, Black = 59%.} 1-0

[Event "Summer Chess Classic-A 2019"]
[Site "Saint Louis"]
[Date "2019.06.24"]
[Round "6.1"]
[White "Xiong, Jeffery"]
[Black "Jones, Gawain C B"]
[Result "1/2-1/2"]
[WhiteElo "2684"]
[BlackElo "2709"]
[Annotator "TA"]
[PlyCount "111"]
[EventDate "2019.06.18"]
[EventType "tourn"]
[EventCountry "USA"]
[SourceTitle "playchess.com"]
[Source "ChessBase"]
[SourceQuality "1"]

{[%evp 16,111,25,29,9,0,0,-6,24,17,32,22,23,23,16,20,22,17,17,20,100,89,70,32,33,34,41,41,28,29,41,39,37,27,30,29,42,42,42,42,42,42,70,42,133,127,133,133,121,100,126,120,148,148,165,165,170,150,168,146,163,146,146,146,146,146,146,146,146,146,146,107,107,116,117,117,117,101,101,101,101,101,101,101,101,101,101,101,101,101,101,101,101,25,101,101,101,101]} 1. d4 Nf6 2. c4 g6 3. Nc3 d5 4. cxd5 Nxd5 5. e4 Nxc3 6. bxc3 Bg7 7. Be3 O-O 8. Nf3 c5 9. Rc1 Qa5 {D85: Exchange Grünfeld: Unusual White 7th moves and lines with 7 Nf3} 10. Nd2 (10. Qd2 Nd7 11. Bd3 e5 12. Bh6 exd4 13. Bxg7 Kxg7 14. cxd4 Qxd2+ 15. Kxd2 b6 16. d5 Bb7 17. a4 Rfe8 18. a5 Rad8 {0-1 (68) Ding,L (2805)-Wei,Y (2736) Abidjan 2019}) 10... cxd4 11. Nc4 Qd8 {The position is equal.} 12. cxd4 f5 13. Ne5 $146 ({Predecessor:} 13. Qb3 f4 14. Nb6+ e6 15. Rxc8 Qxb6 16. Rxf8+ Kxf8 17. Qxb6 axb6 18. Bxf4 {½-½ (26) Ponkratov,P (2601)-Dubov,D (2696) Sochi 2018}) 13... Be6 14. Qa4 {Bc4 is the strong threat.} f4 15. Bc4 Bxe5 16. Bxe6+ Kg7 $1 17. Qb5 fxe3 (17... Bf6 $1 $11 18. Bxf4 Nc6) 18. Qxe5+ $16 Rf6 19. Rc8 ({But not} 19. fxe3 Nc6 $15) 19... exf2+ 20. Ke2 $1 Nc6 21. Rxd8 Rxd8 22. Qc7 Rxe6 23. Kxf2 Rxd4 24. Re1 $36 {[%mdl 2048] White has some pressure.} Rf6+ 25. Kg1 Rd2 26. Rf1 ({Reject} 26. Qxb7 Rff2 $15) 26... Rxf1+ 27. Kxf1 $14 {[%mdl 4096] Endgame KQ-KRN} Rb2 28. h4 a5 29. h5 a4 (29... Rb5 $14) 30. Qf4 $1 $16 gxh5 {[#]} 31. Qg5+ $1 Kf8 32. Qxh5 Kg7 33. Qg5+ {[%mdl 1024] White has strong compensation.} Kf8 34. Qh6+ Kg8 35. Qc1 Rb4 {[#]} 36. a3 $1 {[%cal Ra3b4]} Rd4 37. Qb1 Kf7 38. Qxb7 Ne5 39. Qb5 Ng6 40. Kf2 e5 41. Ke3 h5 42. g3 Kg7 43. Qe2 h4 44. Kf3 {Hoping for gxh4.} hxg3 45. Kxg3 Ne7 46. Kg4 {Threatens to win with Kg5.} Kf7 47. Kg5 {Black must now prevent Qa2+.} Ke6 48. Qa6+ Kd7 49. Qb7+ Kd6 50. Qb8+ Ke6 51. Qa8 Kd6 52. Kf6 Nc6 53. Qf8+ Kc7 54. Ke6 ({White should try} 54. Qf7+ $16 Kd6 55. Qe6+ Kc5 56. Qf5) 54... Kb6 (54... Rxe4 $11 {remains equal.} 55. Kd5 Rd4+ 56. Kc5 Nb8) 55. Qf1 Kc7 56. Qf7+ {Accuracy: White = 80%, Black = 64%.} 1/2-1/2

[Event "Summer Chess Classic-A 2019"]
[Site "Saint Louis"]
[Date "2019.06.24"]
[Round "6.2"]
[White "Howell, David W L"]
[Black "Shankland, Sam"]
[Result "1/2-1/2"]
[WhiteElo "2692"]
[BlackElo "2717"]
[Annotator "TA"]
[PlyCount "57"]
[EventDate "2019.06.18"]
[EventType "tourn"]
[EventCountry "USA"]
[SourceTitle "playchess.com"]
[Source "ChessBase"]
[SourceQuality "1"]

{[%evp 18,57,33,25,23,28,31,12,29,22,41,43,37,22,4,8,4,0,0,0,0,0,0,0,0,0,0,0,0,0,0,0,0,0,0,0,0,0,0,0,0,0]} 1. Nf3 c5 2. c4 Nf6 3. Nc3 {[%cal Bb1c3,Bc3d1,Bd1e3,Be3c4][%mdl 32]} Nc6 4. g3 d5 5. d4 cxd4 6. Nxd4 dxc4 7. Nxc6 Qxd1+ 8. Nxd1 bxc6 9. Bg2 Nd5 10. Ne3 e6 {A34: Symmetrical English: 2 Nc3, lines with ...d5} 11. Nxc4 Ba6 12. Na5 (12. b3 Bb4+ 13. Bd2 Ke7 14. Rc1 Rhc8 15. Na5 c5 16. Bxb4 cxb4 17. Kd2 Bb5 18. Bxd5 exd5 19. a3 bxa3 20. Rxc8 Rxc8 21. Ra1 {½-½ (55) Le,Q (2704)-Vidit,S (2707) Hengshui 2019}) 12... Bb4+ 13. Bd2 Rb8 {[#] aiming for ...Bxd2+.} 14. Bxb4 $146 ({Predecessor:} 14. b3 Bxa5 15. Bxa5 Ke7 16. Bf3 c5 17. O-O Rhc8 18. Rfd1 c4 19. Bxd5 exd5 20. Rxd5 cxb3 21. axb3 Rxb3 22. Bb4+ Rxb4 23. Rxa6 Rc7 24. Rg5 g6 25. Rga5 {½-½ (25) Ribli,Z (2526)-Timman,J (2578) Platja d'Aro 2017}) 14... Nxb4 15. Nxc6 Nxc6 {The position is equal.} 16. Bxc6+ Ke7 17. b3 Rhc8 18. Be4 f5 19. Bd3 Bxd3 20. exd3 $11 {[%mdl 4096] Endgame KRR-KRR} Rc2 21. O-O Kf6 22. Kg2 Rbc8 23. d4 Rb2 24. Rfb1 Rd2 25. Rd1 Rb2 26. Rdb1 $1 {[%cal Rb1b2]} Rd2 27. Rd1 Rb2 28. Rdb1 Rd2 29. Rd1 {Accuracy: White = 89%, Black = 75%.} 1/2-1/2

[Event "Summer Chess Classic-A 2019"]
[Site "Saint Louis"]
[Date "2019.06.24"]
[Round "6.3"]
[White "Le, Quang Liem"]
[Black "Swiercz, Dariusz"]
[Result "1-0"]
[WhiteElo "2694"]
[BlackElo "2667"]
[Annotator "TA"]
[PlyCount "111"]
[EventDate "2019.06.18"]
[EventType "tourn"]
[EventCountry "USA"]
[SourceTitle "playchess.com"]
[Source "ChessBase"]
[SourceQuality "1"]

{[%evp 11,111,0,0,0,0,-11,16,16,16,17,12,17,16,18,43,38,51,33,22,14,16,24,17,12,21,29,15,0,8,6,12,14,9,0,0,0,0,0,6,-60,7,10,74,54,55,68,72,54,53,0,30,35,127,135,186,194,302,302,302,302,294,272,397,396,408,408,406,383,346,352,409,409,556,570,1690,1593,5118,4380,29972,29972,29942,29951,12817,12846,11615,11939,29980,29981,29984,29984,29991,29979,29979,29980,29980,29981,29981,29983,29988,29989,29989,29990]} 1. c4 e5 2. Nc3 Nf6 3. Nf3 Nc6 4. e3 Bb4 5. Qc2 Bxc3 6. bxc3 O-O 7. d3 {A28: English Opening: Four Knights Variation} d6 8. Be2 Ne7 (8... Ne8 9. O-O f5 10. c5 d5 11. c4 e4 12. Nd2 Nb4 13. Qb3 exd3 14. Bf3 Na6 {1-0 (44) Ding,L (2805)-Karjakin,S (2752) Abidjan 2019}) 9. c5 {The position is equal.} Nc6 $146 ({Predecessor:} 9... Ng6 10. cxd6 cxd6 11. c4 Bf5 12. O-O Nd7 13. Nd2 Nc5 14. Nb3 Re8 {1-0 (49) Beijar,K (2450)-Svenn,M Sweden 1993}) 10. cxd6 cxd6 11. O-O Re8 12. c4 d5 13. cxd5 Qxd5 14. h3 b6 15. e4 Qd6 16. Be3 Bb7 17. Rac1 Rac8 18. Qb2 Nd7 19. Nd2 Ba6 20. Nb3 Nf8 21. f4 Ng6 {[%cal Re5f4]} 22. fxe5 Ngxe5 23. Rcd1 Rcd8 {[%cal Re5d3]} (23... Nxd3 $6 24. Bxd3 Bxd3 25. Nc1 $16) 24. Bf4 {And now d4 would win.} Qe7 {[%cal Re5d3]} ({But not} 24... Bxd3 $6 25. Bxd3 Nxd3 26. Qb1 $16) 25. Qc3 ({White should try} 25. d4 $11 Bxe2 26. Qxe2) 25... f6 (25... Rd7 $1 $15) 26. Rf2 Nb4 (26... Qd7 $11 {remains equal.}) 27. Bxe5 $1 $16 {Bf4 is the strong threat.} Rc8 $1 {[%cal Rc8c3]} 28. Bxf6 $1 Rxc3 29. Bxe7 Rxe7 30. Nd4 (30. Rd2 $14) 30... g6 {[%cal Rb4d3]} 31. Rf3 Nxa2 (31... Kg7 $14) 32. Ra1 $1 $40 {[%cal Ra1a2][%mdl 128] White attacks with force.} Nb4 (32... Rc1+ $16 {is a better defense.} 33. Rf1 Rxf1+ 34. Kxf1 (34. Bxf1 Nb4 $16) 34... Nb4) 33. Ra4 $18 Nc2 (33... Bxd3 {was necessary.} 34. Rxb4 Rc1+ 35. Kh2 Bxe4) 34. Nxc2 Rxc2 35. Bd1 $1 {[%cal Rd1c2]} Rc1 {[#]} 36. Rf1 $1 ({Not} 36. Rxa6 Rxd1+ 37. Kf2 Rd2+ 38. Ke3 Rxg2 $15) 36... Rf7 (36... Rc3 $142) 37. Rxa6 Rxf1+ 38. Kxf1 Rxd1+ {[%mdl 4096] Endgame KR-KR} 39. Ke2 Rg1 40. Kf2 ({Less strong is} 40. Rxa7 Rxg2+ 41. Kf3 Rh2 $16) 40... Rd1 {[#]} 41. Ke3 $1 Rg1 42. Rxa7 Rxg2 43. d4 Rg3+ 44. Kf4 Rxh3 45. d5 Kf8 46. d6 Ke8 47. e5 Rd3 48. Rxh7 b5 49. Kg5 {White mates.} b4 50. Kf6 b3 51. Rh8+ Kd7 52. e6+ Kc6 53. d7 b2 54. Rb8 Rd2 55. Ke7 Kc7 {[#]} 56. Rb4 {Played: Rb8xb2} 1-0